"El Sitio de las Abras" de Fabián Dobles

Guardat en:
Dades bibliogràfiques
Autor principal: Salas Zamora, Edwin
Format: Llibre
Idioma:Undetermined
Publicat: San José, Costa Rica Escuela de Filología, Lingüística y Literatura,Universidad de Costa Rica 1975
Matèries:
Etiquetes: Afegir etiqueta
Sense etiquetes, Sigues el primer a etiquetar aquest registre!

MARC

LEADER 00000nam a2200000Ia 4500
008 170316s9999 xx 000 0 und d
040 |a cru BVZT 
090 |a TESIS 156 
100 |a Salas Zamora, Edwin 
245 |a "El Sitio de las Abras" de Fabián Dobles 
260 |a San José, Costa Rica 
260 |b Escuela de Filología, Lingüística y Literatura,Universidad de Costa Rica 
260 |c 1975 
300 |a 158 páginas 
650 |a LICENCIATURA EN FILOLOGÍA LINGÜÍSTICA Y LITERATURA 
650 |a TRABAJO FINAL DE GRADUACIÓN 
999 |c 13764  |d 13764 
942 |c TFG  |h TESIS 156  |2 z